=LDR 00000nam 2200000 4500 =001 INLIS000000000024164 =005 20130612122752 =008 ***********************************Ind** =035 ##$$0010-061300000024164 =041 ##$$a Ind =082 ##$$a 398.209 =090 ##$$a 398.209, Ikr c =100 ##$$a Ikranegara, M.Yudistira =245 ##$$a Cerita rakyat irian jaya, M. Yudistira Ikranegara =260 ##$$a 20 cm $b Surabaya =300 ##$$a 64 hlm, ilus, 20 cm =650 ##$$a Cerita rakyat irian jaya =850 ##$$a NBPNMAT